[Event "7. Abierto Int. Carlos I Silgar 2015"]
[Site "Sanxenxo ESP"]
[Date "2015.06.26"]
[Round "7.7"]
[White "Rodriguez Lopez, Rafael"]
[Black "Martinez Rodriguez, Pablo"]
[Result "0-1"]
[WhiteElo "2257"]
[BlackElo "2270"]
[PlyCount "104"]
[EventDate "2015.06.20"]
[EventType "swiss"]
[EventRounds "9"]
[EventCountry "ESP"]
[SourceTitle "Ajedrez en Madrid"]
[Source "lmi"]
[SourceDate "2015.06.20"]

1. e4 c6 2. Nc3 d5 3. Nf3 Bg4 4. h3 Bxf3 5. Qxf3 Nf6 6. Be2 Nxe4 7. Nxe4 dxe4
8. Qxe4 Qd5 9. Bf3 Qxe4+ 10. Bxe4 Nd7 11. d4 Nf6 12. Bf3 e6 13. O-O g6 14. c4
Bg7 15. Be3 O-O 16. Rfd1 Rfd8 17. Rd2 Rd7 18. Rad1 Rad8 19. g3 h6 20. Kf1 Bf8
21. Ke2 a6 22. Rd3 Ne8 23. b3 Nd6 24. g4 f6 25. Bg2 Nf7 26. f4 f5 27. Bf3 Bg7
28. R3d2 Kh7 29. Bg2 Bf6 30. d5 cxd5 31. cxd5 e5 32. fxe5 Bxe5 33. gxf5 gxf5
34. Rf1 Nd6 35. Rc2 Rg8 36. Kd3 Rg3 37. Rf3 Rdg7 38. Rxg3 Rxg3 39. Rc7+ Kg6 40.
Re7 Nf7 41. Rxb7 f4 42. Rb6+ Nd6 43. Rxa6 Rxe3+ 44. Kd2 Kf5 45. Bf1 Ne4+ 46.
Kc2 f3 47. Rxh6 Rc3+ 48. Kd1 Bf4 49. Rc6 Nc5 50. Ke1 Be3 51. Be2 Rc1+ 52. Bd1
Nd3+ 0-1

[Event "7. Abierto Int. Carlos I Silgar 2015"]
[Site "Sanxenxo ESP"]
[Date "2015.06.26"]
[Round "7.8"]
[White "Hoffman, Alejandro"]
[Black "Torres Dominguez, David"]
[Result "1-0"]
[WhiteElo "2456"]
[BlackElo "2082"]
[PlyCount "91"]
[EventDate "2015.06.20"]
[EventType "swiss"]
[EventRounds "9"]
[EventCountry "ESP"]
[SourceTitle "Ajedrez en Madrid"]
[Source "lmi"]
[SourceDate "2015.06.20"]

1. d4 d5 2. Nf3 Nf6 3. c4 c6 4. e3 Bg4 5. h3 Bh5 6. cxd5 Qxd5 7. Be2 e6 8. Nc3
Qa5 9. O-O Be7 10. a3 Nbd7 11. e4 Bg6 12. Bd3 O-O 13. Bf4 Rfe8 14. Qe2 a6 15.
Rfd1 c5 16. dxc5 Qxc5 17. e5 Nd5 18. Nxd5 exd5 19. Bxg6 hxg6 20. Rac1 Qb6 21.
Rxd5 Nf8 22. b4 Rac8 23. Rcd1 Rc3 24. R5d3 Rec8 25. Qe3 Qc6 26. Rxc3 Qxc3 27.
Rc1 Qxc1+ 28. Qxc1 Rxc1+ 29. Bxc1 Ne6 30. Kf1 Kf8 31. Ke2 Ke8 32. Kd3 Kd7 33.
Ng1 Kc6 34. Ne2 a5 35. Bd2 axb4 36. axb4 Nc7 37. Nd4+ Kd5 38. f4 Na6 39. Nc2 b5
40. Bc3 g5 41. f5 Bf8 42. g3 Be7 43. f6 Bf8 44. Ne3+ Ke6 45. Ke4 Nc7 46. Nf5
1-0

[Event "7. Abierto Int. Carlos I Silgar 2015"]
[Site "Sanxenxo ESP"]
[Date "2015.06.26"]
[Round "7.9"]
[White "Alvarez Fernandez, Enrique"]
[Black "Carril Garcia, Luis"]
[Result "1/2-1/2"]
[WhiteElo "2314"]
[BlackElo "2046"]
[PlyCount "104"]
[EventDate "2015.06.20"]
[EventType "swiss"]
[EventRounds "9"]
[EventCountry "ESP"]
[SourceTitle "Ajedrez en Madrid"]
[Source "lmi"]
[SourceDate "2015.06.20"]

1. d4 d5 2. Bf4 Nf6 3. e3 c5 4. c3 Nc6 5. Nd2 cxd4 6. exd4 g6 7. h3 Nh5 8. Bh2
Bh6 9. Ne2 O-O 10. g4 Nf6 11. Bg2 b6 12. f4 Bg7 13. O-O e6 14. Ng3 Bb7 15. Nf3
b5 16. Ne5 Nd7 17. Kh1 Ndxe5 18. dxe5 b4 19. c4 dxc4 20. Ne4 Na5 21. Qa4 Bc6
22. Qxb4 Rb8 23. Qc3 Qb6 24. Bg1 Qb4 25. Bxa7 Qxc3 26. bxc3 Rb2 27. Rf2 Rxf2
28. Nxf2 g5 29. Ne4 Ra8 30. Be3 Nb3 31. Rd1 Bxe4 32. Bxe4 Rxa2 33. Rd8+ Bf8 34.
Bxh7+ Kxh7 35. Rxf8 Kg7 36. Rc8 Re2 37. Bb6 gxf4 38. Rxc4 f3 39. Rf4 Nd2 40. c4
Re1+ 41. Bg1 f2 42. Rxf2 Nxc4 43. Kg2 Nxe5 44. Ra2 Ng6 45. Bf2 Rb1 46. Bg3 Rb3
47. h4 e5 48. Rf2 f6 49. h5 Nf8 50. g5 fxg5 51. Bxe5+ Kg8 52. Bf6 Nh7 1/2-1/2

[Event "7. Abierto Int. Carlos I Silgar 2015"]
[Site "Sanxenxo ESP"]
[Date "2015.06.26"]
[Round "7.10"]
[White "Medarde Santiago, Luis Marcos"]
[Black "Bayon Rolo, Juan Andres"]
[Result "1/2-1/2"]
[WhiteElo "2273"]
[BlackElo "2032"]
[PlyCount "77"]
[EventDate "2015.06.20"]
[EventType "swiss"]
[EventRounds "9"]
[EventCountry "ESP"]
[SourceTitle "Ajedrez en Madrid"]
[Source "lmi"]
[SourceDate "2015.06.20"]

1. Nf3 d5 2. g3 Nf6 3. Bg2 e6 4. O-O Be7 5. c4 O-O 6. b3 c6 7. Bb2 Nbd7 8. d4
b6 9. Nc3 Bb7 10. Nd2 c5 11. dxc5 Nxc5 12. b4 d4 13. Nb5 Bxg2 14. Kxg2 Nb7 15.
Qb3 e5 16. Nf3 a6 17. Na3 Nd7 18. Nc2 a5 19. a3 a4 20. Qd3 f5 21. e4 Nd6 22.
Nd2 f4 23. f3 Rc8 24. Rac1 Bg5 25. g4 Qc7 26. Ne1 Bh4 27. Kg1 Bxe1 28. Rfxe1
Nf7 29. Kg2 Qd8 30. Qe2 Rc6 31. Qf2 Qc7 32. Rc2 Rc8 33. Rec1 Qd8 34. h4 Nd6 35.
Kh3 Nb5 36. Nf1 Nd6 37. Nd2 Nf7 38. Rh1 Nd6 39. Rhc1 1/2-1/2

[Event "7. Abierto Int. Carlos I Silgar 2015"]
[Site "Sanxenxo ESP"]
[Date "2015.06.27"]
[Round "8.1"]
[White "Arribas Lopez, Angel"]
[Black "Kantans, Toms"]
[Result "1/2-1/2"]
[WhiteElo "2537"]
[BlackElo "2451"]
[PlyCount "109"]
[EventDate "2015.06.20"]
[EventType "swiss"]
[EventRounds "9"]
[EventCountry "ESP"]
[SourceTitle "Ajedrez en Madrid"]
[Source "lmi"]
[SourceDate "2015.06.20"]

1. Nf3 Nf6 2. c4 c5 3. Nc3 d5 4. cxd5 Nxd5 5. g3 g6 6. Bg2 Bg7 7. O-O Nxc3 8.
dxc3 Qc7 9. Bf4 e5 10. Be3 O-O 11. Qd5 Na6 12. Rfd1 Be6 13. Qd6 Qxd6 14. Rxd6
Rad8 15. Rxd8 Rxd8 16. Ng5 Bc8 17. Ne4 h6 18. Nxc5 Nxc5 19. Bxc5 Rd2 20. Bxa7
Rxb2 21. Rd1 Bf6 22. a4 Rxe2 23. a5 e4 24. c4 Be6 25. Bb6 g5 26. h3 h5 27. Be3
Ra2 28. Bxe4 Rxa5 29. c5 Be7 30. Rc1 Rb5 31. Kh2 f5 32. Bf3 g4 33. Be2 Rb2 34.
Bc4 Kf7 35. Bxe6+ Kxe6 36. c6 bxc6 37. Rxc6+ Kd7 38. Rh6 h4 39. hxg4 fxg4 40.
gxh4 Bd6+ 41. Kg2 g3 42. Kf3 gxf2 43. Bxf2 Rb4 44. Rg6 Be5 45. h5 Rf4+ 46. Kg2
Rf6 47. Rg4 Rf5 48. Rh4 Ke6 49. Be3 Kf7 50. h6 Kg6 51. Rg4+ Kh7 52. Ra4 Rf7 53.
Re4 Bd6 54. Bd2 Bc5 55. Kg3 1/2-1/2

[Event "7. Abierto Int. Carlos I Silgar 2015"]
[Site "Sanxenxo ESP"]
[Date "2015.06.27"]
[Round "8.2"]
[White "Abal Cores, Lucas"]
[Black "Strikovic, Aleksa"]
[Result "0-1"]
[WhiteElo "2373"]
[BlackElo "2506"]
[PlyCount "110"]
[EventDate "2015.06.20"]
[EventType "swiss"]
[EventRounds "9"]
[EventCountry "ESP"]
[SourceTitle "Ajedrez en Madrid"]
[Source "lmi"]
[SourceDate "2015.06.20"]

1. e4 g6 2. d4 Bg7 3. Nf3 d6 4. Bc4 Nf6 5. Nc3 Nxe4 6. Nxe4 d5 7. Bd3 dxe4 8.
Bxe4 O-O 9. O-O Nd7 10. c3 c5 11. Be3 cxd4 12. Bxd4 e5 13. Be3 Qc7 14. Qe2 Nf6
15. Bc2 Be6 16. Bb3 Bxb3 17. axb3 e4 18. Nd2 Rfe8 19. Bd4 Nd5 20. Bxg7 Kxg7 21.
Nc4 a6 22. Rad1 Rad8 23. g3 f5 24. Rd4 Ne7 25. Qd2 Nc6 26. Rd5 Rxd5 27. Qxd5
Rd8 28. Qc5 Qe7 29. Qb6 Rd7 30. b4 Qd8 31. b5 axb5 32. Qxb5 Qe7 33. Ra1 h5 34.
Re1 Qe6 35. b4 h4 36. Nb6 Rd8 37. f4 Qb3 38. Na4 h3 39. Qxb7+ Kh6 40. Qb5 Qc2
41. Qf1 Qxa4 42. b5 Qa7+ 43. Kh1 Ne7 44. Qxh3+ Kg7 45. g4 Qf2 46. Rb1 Qc2 47.
Rg1 Rd1 48. Qe3 Rd2 49. Qg3 fxg4 50. f5 gxf5 51. b6 Qb3 52. Qc7 Kf6 53. h4 Qd5
54. c4 Qd3 55. Qg3 Qxg3 0-1

[Event "7. Abierto Int. Carlos I Silgar 2015"]
[Site "Sanxenxo ESP"]
[Date "2015.06.27"]
[Round "8.3"]
[White "Movsziszian, Karen"]
[Black "Santos Ruiz, Miguel"]
[Result "1/2-1/2"]
[WhiteElo "2483"]
[BlackElo "2329"]
[PlyCount "78"]
[EventDate "2015.06.20"]
[EventType "swiss"]
[EventRounds "9"]
[EventCountry "ESP"]
[SourceTitle "Ajedrez en Madrid"]
[Source "lmi"]
[SourceDate "2015.06.20"]

1. g3 d5 2. Bg2 e5 3. d3 Nf6 4. Nf3 Bd6 5. O-O O-O 6. Nc3 Nc6 7. Bg5 Be6 8. e4
dxe4 9. dxe4 h6 10. Bxf6 Qxf6 11. Nd5 Qd8 12. c3 Ne7 13. Ne3 c6 14. Qc2 Qc7 15.
Nh4 Bc5 16. Nef5 Nxf5 17. exf5 Bd5 18. Be4 Rad8 19. Nf3 f6 20. b3 Rd6 21. b4
Bb6 22. c4 Bxe4 23. Qxe4 Bd4 24. c5 Rd5 25. Rac1 Rfd8 26. Rc2 a5 27. a3 Qc8 28.
g4 axb4 29. axb4 Qa8 30. Kg2 Qa4 31. Rc4 Qa2 32. Rcc1 Qa4 33. Rc4 Qa2 34. Qc2
Qxc2 35. Rxc2 e4 36. Nh4 Be5 37. Re2 Rd4 38. Rb1 e3 39. h3 exf2 1/2-1/2

[Event "7. Abierto Int. Carlos I Silgar 2015"]
[Site "Sanxenxo ESP"]
[Date "2015.06.27"]
[Round "8.4"]
[White "Suarez Gomez, Julio"]
[Black "Larino Nieto, David"]
[Result "0-1"]
[WhiteElo "2400"]
[BlackElo "2451"]
[PlyCount "138"]
[EventDate "2015.06.20"]
[EventType "swiss"]
[EventRounds "9"]
[EventCountry "ESP"]
[SourceTitle "Ajedrez en Madrid"]
[Source "lmi"]
[SourceDate "2015.06.20"]

1. e4 c6 2. Nc3 g6 3. d4 d5 4. Nf3 Bg7 5. h3 dxe4 6. Nxe4 Nf6 7. Nxf6+ exf6 8.
Be2 O-O 9. O-O Na6 10. Bf4 Nc7 11. Bh2 b6 12. c4 Bb7 13. Qb3 Re8 14. Rfe1 Re7
15. Rad1 Rd7 16. Rd3 Ne6 17. Red1 Qe7 18. Bf1 Rad8 19. Qa4 Ba8 20. b4 f5 21. c5
b5 22. Qa5 f4 23. d5 cxd5 24. Qxb5 g5 25. Re1 d4 26. Nd2 Bd5 27. Qa4 Nxc5 28.
Qd1 Ne6 29. a3 Qf6 30. h4 h6 31. hxg5 hxg5 32. Rh3 d3 33. Rxd3 Qg6 34. Ne4 g4
35. Nc5 Nxc5 36. bxc5 Be6 37. Rxd7 Rxd7 38. Qb1 Qxb1 39. Rxb1 Be5 40. Kh1 g3
41. fxg3 fxg3 42. c6 Rd4 43. Rb5 gxh2 44. Rxe5 Rd1 45. Kxh2 Rxf1 46. Ra5 Rc1
47. Rxa7 Rxc6 48. Ra5 Kg7 49. Rg5+ Kf6 50. Rg3 Rc2 51. Re3 Bd5 52. Rg3 Rb2 53.
a4 Ra2 54. Rg4 Kf5 55. Kh3 Be4 56. a5 Rxa5 57. g3 Ra4 58. Rf4+ Ke6 59. Kh2 Ra2+
60. Kh3 Bf5+ 61. g4 Bg6 62. Rb4 Kf6 63. Kh4 Kg7 64. Kg5 Ra5+ 65. Kh4 Rc5 66.
Ra4 Bd3 67. Rd4 Bc4 68. Rd1 Be6 69. Rg1 Kg6 0-1

[Event "7. Abierto Int. Carlos I Silgar 2015"]
[Site "Sanxenxo ESP"]
[Date "2015.06.27"]
[Round "8.5"]
[White "Fernandez Borrego, Pablo"]
[Black "Hoffman, Alejandro"]
[Result "1-0"]
[WhiteElo "2378"]
[BlackElo "2456"]
[PlyCount "133"]
[EventDate "2015.06.20"]
[EventType "swiss"]
[EventRounds "9"]
[EventCountry "ESP"]
[SourceTitle "Ajedrez en Madrid"]
[Source "lmi"]
[SourceDate "2015.06.20"]

1. e4 c5 2. Nf3 d6 3. d4 cxd4 4. Nxd4 Nf6 5. Nc3 g6 6. Be3 Bg7 7. f3 Nc6 8. Qd2
Bd7 9. O-O-O Rc8 10. g4 Ne5 11. Kb1 O-O 12. h4 b5 13. Nd5 Nxd5 14. exd5 Nc4 15.
Bxc4 bxc4 16. c3 e5 17. dxe6 fxe6 18. h5 e5 19. Nc2 Bc6 20. hxg6 hxg6 21. Bh6
Qf6 22. g5 Qe7 23. Qxd6 Qxd6 24. Rxd6 Bxf3 25. Bxg7 Bxh1 26. Bxf8 Kxf8 27. Rxg6
Ke7 28. Kc1 Rf8 29. Rf6 Rg8 30. Rf5 Ke6 31. Ne3 Be4 32. Rf6+ Ke7 33. Nxc4 Rxg5
34. Ra6 Rg1+ 35. Kd2 Rg2+ 36. Ke3 Bd5 37. Nxe5 Rxb2 38. c4 Be6 39. Kd4 Re2 40.
Rxa7+ Kf6 41. Nd3 Rc2 42. Ne5 Re2 43. Ra5 Rh2 44. Kc3 Rh3+ 45. Kb4 Re3 46. Nc6
Re4 47. Rc5 Bd7 48. a4 Re1 49. Nd4 Ra1 50. Nb5 Ke7 51. Rd5 Rb1+ 52. Ka5 Be6 53.
Rd4 Rc1 54. Kb4 Rb1+ 55. Kc5 Ra1 56. Nc3 Bd7 57. Kb4 Kd8 58. c5 Kc8 59. Nb5 Bc6
60. Rh4 Rc1 61. Rh8+ Kd7 62. Rh7+ Kd8 63. Rh5 Ra1 64. Rh6 Be8 65. c6 Rc1 66.
c7+ Ke7 67. Rh7+ 1-0

[Event "7. Abierto Int. Carlos I Silgar 2015"]
[Site "Sanxenxo ESP"]
[Date "2015.06.27"]
[Round "8.6"]
[White "Tallarico Tallarico, Ovido Mar"]
[Black "Piasetski, Leon"]
[Result "1/2-1/2"]
[WhiteElo "2133"]
[BlackElo "2272"]
[PlyCount "103"]
[EventDate "2015.06.20"]
[EventType "swiss"]
[EventRounds "9"]
[EventCountry "ESP"]
[SourceTitle "Ajedrez en Madrid"]
[Source "lmi"]
[SourceDate "2015.06.20"]

1. Nf3 g6 2. d4 Bg7 3. c4 d6 4. Nc3 Nd7 5. e4 e5 6. Be2 Ngf6 7. O-O O-O 8. d5
Ne8 9. Ne1 f5 10. Nd3 Nef6 11. exf5 gxf5 12. f4 e4 13. Ne1 a5 14. Nc2 Nc5 15.
Be3 Bd7 16. Bd4 Qe8 17. Ne3 Qg6 18. Rb1 h5 19. Qd2 Kf7 20. Ncd1 Ng4 21. Bxg7
Kxg7 22. Nf2 Nxf2 23. Rxf2 b6 24. b3 Rh8 25. Nc2 Qf6 26. Qe3 h4 27. Nd4 Kf7 28.
a3 Ke7 29. b4 axb4 30. axb4 Nb7 31. Bf1 Ra4 32. Nf3 Rha8 33. Ng5 Ra3 34. Rb3
Qa1 35. g4 Rxb3 36. Qxb3 Ra3 37. Qc2 Ba4 38. Qd2 Bd1 39. gxf5 e3 40. Qe1 Bg4
41. Re2 Bxe2 42. Qxe2 Qa2 43. Qf3 Qf2+ 44. Qxf2 exf2+ 45. Kxf2 Nd8 46. Ne4 Nf7
47. f6+ Kf8 48. Be2 Ra2 49. Kf3 Nh6 50. Ng5 Ra3+ 51. Kf2 Ra2 52. Kf3 1/2-1/2

[Event "7. Abierto Int. Carlos I Silgar 2015"]
[Site "Sanxenxo ESP"]
[Date "2015.06.27"]
[Round "8.7"]
[White "Patino Romaris, Juan Roberto"]
[Black "Portela Peleteiro, Alberto"]
[Result "1/2-1/2"]
[WhiteElo "2185"]
[BlackElo "2105"]
[PlyCount "61"]
[EventDate "2015.06.20"]
[EventType "swiss"]
[EventRounds "9"]
[EventCountry "ESP"]
[SourceTitle "Ajedrez en Madrid"]
[Source "lmi"]
[SourceDate "2015.06.20"]

1. d4 d5 2. c4 e6 3. Nc3 c6 4. cxd5 exd5 5. Qc2 Bd6 6. Nf3 Nd7 7. Bg5 f6 8. Bh4
Nh6 9. e3 Nf8 10. Bd3 Bg4 11. O-O-O Qc7 12. Kb1 O-O-O 13. Rc1 Kb8 14. Na4 Nd7
15. Nd2 Rde8 16. Nb3 g6 17. Nac5 Nf5 18. Nxd7+ Qxd7 19. Bxf6 Rhf8 20. Bg5 h6
21. h3 Bf3 22. Bxh6 Nxh6 23. gxf3 Rxf3 24. Bxg6 Ref8 25. Rcf1 Rxh3 26. Nc5 Qc8
27. Bh5 Bxc5 28. dxc5 Rxh1 29. Rxh1 Ng4 30. Bxg4 Qxg4 31. Qh7 1/2-1/2

[Event "7. Abierto Int. Carlos I Silgar 2015"]
[Site "Sanxenxo ESP"]
[Date "2015.06.27"]
[Round "8.8"]
[White "Lux, Hugo De Melo"]
[Black "Cruz Alvarez De Ron, Dan"]
[Result "1-0"]
[WhiteElo "2016"]
[BlackElo "2181"]
[PlyCount "113"]
[EventDate "2015.06.20"]
[EventType "swiss"]
[EventRounds "9"]
[EventCountry "ESP"]
[SourceTitle "Ajedrez en Madrid"]
[Source "lmi"]
[SourceDate "2015.06.20"]

1. e4 g6 2. d4 Bg7 3. Nf3 d6 4. c4 Nd7 5. Nc3 e5 6. Be2 exd4 7. Nxd4 Ngf6 8.
O-O O-O 9. Be3 Re8 10. f3 Qe7 11. Re1 c6 12. Bf1 Nc5 13. Qd2 Qc7 14. Rad1 Bf8
15. Qf2 b6 16. b4 Ne6 17. b5 cxb5 18. Ndxb5 Qb8 19. Nd5 Nxd5 20. cxd5 Nc5 21.
Bf4 Bd7 22. Qg3 Bxb5 23. Bxb5 Rd8 24. Bc6 Nb7 25. e5 dxe5 26. Bxe5 Qc8 27. Bf6
Bd6 28. Qg5 Rd7 29. Bxd7 Qxd7 30. Re4 Bc5+ 31. Kh1 Nd6 32. Re5 Nc4 33. Re4 Nd6
34. Re7 Qa4 35. Rde1 Nf5 36. R7e4 Qxa2 37. Bc3 Bf8 38. Qf6 Ng7 39. d6 Qd5 40.
Rd4 Qc6 41. Rf4 Qd5 42. h4 Rc8 43. Ba1 Rc6 44. Be5 Rxd6 45. Bxd6 Nh5 46. Qd8
Qxd6 47. Qxd6 Bxd6 48. Ra4 a5 49. Rb1 Bc5 50. g4 Nf6 51. Rd1 Kf8 52. Kg2 Ke7
53. Kf1 Ke6 54. Ke2 Nd5 55. Re4+ Kd6 56. Re8 Kd7 57. Re5 1-0

[Event "7. Abierto Int. Carlos I Silgar 2015"]
[Site "Sanxenxo ESP"]
[Date "2015.06.27"]
[Round "8.9"]
[White "Yebra-Pimentel Brea, Carlos"]
[Black "Gomez Dieguez, David"]
[Result "1/2-1/2"]
[WhiteElo "2026"]
[BlackElo "2152"]
[PlyCount "68"]
[EventDate "2015.06.20"]
[EventType "swiss"]
[EventRounds "9"]
[EventCountry "ESP"]
[SourceTitle "Ajedrez en Madrid"]
[Source "lmi"]
[SourceDate "2015.06.20"]

1. e4 Nc6 2. Nf3 e5 3. d4 exd4 4. Nxd4 Nf6 5. Nxc6 bxc6 6. Qe2 Qe7 7. Nc3 Rb8
8. g3 d5 9. exd5 cxd5 10. a3 c6 11. b4 Bg4 12. Qxe7+ Bxe7 13. Bg2 Bd6 14. O-O
O-O 15. Na4 a5 16. c3 Rfe8 17. Be3 Bf5 18. Rfe1 Ne4 19. f3 Nf6 20. Bd4 Rxe1+
21. Rxe1 axb4 22. axb4 Ra8 23. Nc5 Ra2 24. g4 Bxc5 25. Bxc5 Be6 26. h3 h5 27.
Bd4 hxg4 28. fxg4 Ne8 29. Bf1 Nd6 30. Rd1 Ne4 31. Bg2 Ng3 32. Bf3 f5 33. Re1
Ne4 34. Bxe4 fxe4 1/2-1/2

[Event "7. Abierto Int. Carlos I Silgar 2015"]
[Site "Sanxenxo ESP"]
[Date "2015.06.27"]
[Round "8.10"]
[White "Perez Negro, Jose M"]
[Black "Alvarez Fernandez, Enrique"]
[Result "0-1"]
[WhiteElo "2106"]
[BlackElo "2314"]
[PlyCount "55"]
[EventDate "2015.06.20"]
[EventType "swiss"]
[EventRounds "9"]
[EventCountry "ESP"]
[SourceTitle "Ajedrez en Madrid"]
[Source "lmi"]
[SourceDate "2015.06.20"]

1. c4 e5 2. g3 Nf6 3. Bg2 Nc6 4. Nc3 Bc5 5. e3 d6 6. Nge2 O-O 7. O-O Re8 8. d4
Bb6 9. d5 Nb8 10. e4 a5 11. h3 Na6 12. Kh2 Nc5 13. Be3 Nfd7 14. Qc2 Nf8 15. b3
Qd7 16. a3 f5 17. b4 Nxe4 18. Nxe4 Bxe3 19. fxe3 fxe4 20. Qxe4 Qe7 21. Rab1 Nd7
22. Nc3 Nf6 23. Qc2 axb4 24. axb4 Bd7 25. Ne4 Rf8 26. Nxf6+ Rxf6 27. Rxf6 Qxf6
28. Rf1 0-1

[Event "7. Abierto Int. Carlos I Silgar 2015"]
[Site "Sanxenxo ESP"]
[Date "2015.06.28"]
[Round "9.1"]
[White "Arribas Lopez, Angel"]
[Black "Fernandez Borrego, Pablo"]
[Result "1-0"]
[WhiteElo "2537"]
[BlackElo "2378"]
[PlyCount "107"]
[EventDate "2015.06.20"]
[EventType "swiss"]
[EventRounds "9"]
[EventCountry "ESP"]
[SourceTitle "Ajedrez en Madrid"]
[Source "lmi"]
[SourceDate "2015.06.20"]

1. d4 Nf6 2. Nf3 d5 3. c4 c6 4. e3 g6 5. Nc3 Bg7 6. Be2 O-O 7. O-O b6 8. b4 Bg4
9. Bb2 a6 10. a4 Ra7 11. b5 axb5 12. cxb5 Ne4 13. h3 Nxc3 14. Bxc3 Bxf3 15.
Bxf3 cxb5 16. axb5 Rxa1 17. Qxa1 Qd7 18. Rb1 Rc8 19. Be1 e6 20. Qa8 Bf8 21. Be2
Qc7 22. Ra1 Nd7 23. Qa4 Bd6 24. Bd3 f5 25. Kf1 Kf7 26. Qa7 Qxa7 27. Rxa7 Ke7
28. f3 h6 29. g4 Bb8 30. Ra1 Kf7 31. Bb4 Rc7 32. Ke2 Ra7 33. Ra6 Rb7 34. e4 Kf6
35. Bd2 fxe4 36. fxe4 e5 37. dxe5+ Kxe5 38. exd5 Nc5 39. Ra3 Re7 40. Bxh6 Rh7
41. g5 Nxd3 42. Rxd3 Rf7 43. Rf3 Rxf3 44. Kxf3 Kxd5 45. Bg7 Kc5 46. Ke4 Kxb5
47. Kd5 Bf4 48. Bf6 Ka4 49. Ke6 b5 50. Kf7 b4 51. Kxg6 Bd2 52. Kf5 Bc3 53. g6
Bxf6 54. Kxf6 1-0

[Event "7. Abierto Int. Carlos I Silgar 2015"]
[Site "Sanxenxo ESP"]
[Date "2015.06.28"]
[Round "9.2"]
[White "Strikovic, Aleksa"]
[Black "Larino Nieto, David"]
[Result "1/2-1/2"]
[WhiteElo "2506"]
[BlackElo "2451"]
[PlyCount "65"]
[EventDate "2015.06.20"]
[EventType "swiss"]
[EventRounds "9"]
[EventCountry "ESP"]
[SourceTitle "Ajedrez en Madrid"]
[Source "lmi"]
[SourceDate "2015.06.20"]

1. c4 e5 2. Nc3 Nc6 3. g3 g6 4. Bg2 Bg7 5. Nf3 d6 6. d3 Be6 7. Rb1 h6 8. b4 Qd7
9. b5 Nd8 10. e4 Ne7 11. O-O O-O 12. Nd5 Kh7 13. Nd2 Bg4 14. f3 Be6 15. Nb3 c5
16. Be3 Nxd5 17. cxd5 Bh3 18. Na5 Bxg2 19. Kxg2 f5 20. Nc4 Nf7 21. a4 Rae8 22.
g4 f4 23. Bf2 Bf6 24. h4 g5 25. h5 Be7 26. Qb3 Kg8 27. Rfc1 Rc8 28. Rc2 Rfe8
29. Rbc1 Bf8 30. Na5 Rb8 31. Kf1 Qd8 32. Nc4 Qd7 33. Kg2 1/2-1/2

[Event "7. Abierto Int. Carlos I Silgar 2015"]
[Site "Sanxenxo ESP"]
[Date "2015.06.28"]
[Round "9.3"]
[White "Lux, Hugo De Melo"]
[Black "Movsziszian, Karen"]
[Result "0-1"]
[WhiteElo "2016"]
[BlackElo "2483"]
[PlyCount "102"]
[EventDate "2015.06.20"]
[EventType "swiss"]
[EventRounds "9"]
[EventCountry "ESP"]
[SourceTitle "Ajedrez en Madrid"]
[Source "lmi"]
[SourceDate "2015.06.20"]

1. e4 g6 2. d4 Bg7 3. Nf3 d6 4. Be2 Nf6 5. Nc3 O-O 6. O-O a6 7. a4 b6 8. Re1 e6
9. e5 dxe5 10. Nxe5 Bb7 11. Bf3 Qc8 12. Qe2 c5 13. dxc5 bxc5 14. Bf4 Nc6 15.
Bxc6 Bxc6 16. Nxc6 Qxc6 17. Be5 Rfd8 18. Rad1 h6 19. h3 Rd7 20. Rxd7 Nxd7 21.
Bxg7 Kxg7 22. Rd1 Ra7 23. b3 Rb7 24. Qe3 Rb4 25. f3 e5 26. Ne4 Rd4 27. Rxd4
cxd4 28. Qd3 f5 29. Nd2 Qb6 30. Kf1 Qb4 31. Qxa6 Qxd2 32. Qb7 Qd1+ 33. Kf2
Qxc2+ 34. Kg3 f4+ 35. Kh2 Qf5 36. a5 d3 37. a6 d2 38. Qd5 e4 39. Qxd2 e3 40.
Qd4+ Nf6 41. a7 Qa5 42. Qa4 Qxa4 43. bxa4 e2 44. a8=Q e1=Q 45. Qb7+ Kf8 46.
Qb8+ Kf7 47. Qxf4 Qa5 48. Qxh6 Qxa4 49. Qg5 Qd4 50. Qb5 Kg7 51. Kg3 Kh6 0-1

[Event "7. Abierto Int. Carlos I Silgar 2015"]
[Site "Sanxenxo ESP"]
[Date "2015.06.28"]
[Round "9.4"]
[White "Kantans, Toms"]
[Black "Santos Ruiz, Miguel"]
[Result "1-0"]
[WhiteElo "2451"]
[BlackElo "2329"]
[PlyCount "71"]
[EventDate "2015.06.20"]
[EventType "swiss"]
[EventRounds "9"]
[EventCountry "ESP"]
[SourceTitle "Ajedrez en Madrid"]
[Source "lmi"]
[SourceDate "2015.06.20"]

1. e4 e6 2. d4 d5 3. Nd2 Nc6 4. Ngf3 Nf6 5. e5 Nd7 6. c4 dxc4 7. Nxc4 Nb6 8. a3
Bd7 9. Be3 Nxc4 10. Bxc4 Ne7 11. Rc1 Bc6 12. O-O Nf5 13. Qb3 a6 14. Rfd1 Be7
15. d5 exd5 16. Bxd5 Bxd5 17. Rxd5 Qc8 18. Bg5 O-O 19. Rcd1 Bxg5 20. Nxg5 h6
21. Ne4 Rb8 22. Nc5 Ra8 23. Qc4 Ne7 24. Rd7 Ng6 25. f4 b6 26. Ne4 b5 27. Qd4 c5
28. Qe3 Rb8 29. Qg3 Qc6 30. R7d5 Ne7 31. Rd6 Qc8 32. Rd7 Nf5 33. Qd3 g6 34. Qd5
Kg7 35. e6 Rb6 36. Qe5+ 1-0

[Event "7. Abierto Int. Carlos I Silgar 2015"]
[Site "Sanxenxo ESP"]
[Date "2015.06.28"]
[Round "9.5"]
[White "Lainz Bejo, Leopoldo"]
[Black "Suarez Gomez, Julio"]
[Result "0-1"]
[WhiteElo "2179"]
[BlackElo "2400"]
[PlyCount "84"]
[EventDate "2015.06.20"]
[EventType "swiss"]
[EventRounds "9"]
[EventCountry "ESP"]
[SourceTitle "Ajedrez en Madrid"]
[Source "lmi"]
[SourceDate "2015.06.20"]

1. e4 e5 2. Nf3 Nc6 3. Bb5 a6 4. Ba4 Nf6 5. d3 b5 6. Bb3 Be7 7. O-O d6 8. c3
O-O 9. Nbd2 Na5 10. Bc2 c5 11. Re1 Qc7 12. Nf1 Nc6 13. Ng3 Re8 14. h3 h6 15.
Bb3 Bf8 16. a4 Bd7 17. axb5 axb5 18. Rxa8 Rxa8 19. d4 exd4 20. cxd4 c4 21. Bc2
Nb4 22. Bb1 Ra1 23. Be3 Nd3 24. Re2 b4 25. b3 Bb5 26. Ra2 Rxa2 27. Bxa2 c3 28.
Bb1 Nb2 29. Qc2 Bd3 30. Qc1 c2 31. Ba2 Nd1 32. Ne1 Bxe4 33. Nxe4 Nxe4 34. Nxc2
Nxe3 35. fxe3 d5 36. Bb1 Bd6 37. Qd1 Qc3 38. Qc1 Bg3 39. Kf1 Qd3+ 40. Kg1 Bf2+
41. Kh2 Qc3 42. g4 Qc7+ 0-1

[Event "7. Abierto Int. Carlos I Silgar 2015"]
[Site "Sanxenxo ESP"]
[Date "2015.06.28"]
[Round "9.6"]
[White "Gomez Dieguez, David"]
[Black "Abal Cores, Lucas"]
[Result "0-1"]
[WhiteElo "2152"]
[BlackElo "2373"]
[PlyCount "100"]
[EventDate "2015.06.20"]
[EventType "swiss"]
[EventRounds "9"]
[EventCountry "ESP"]
[SourceTitle "Ajedrez en Madrid"]
[Source "lmi"]
[SourceDate "2015.06.20"]

1. e4 c5 2. Nf3 Nc6 3. Nc3 d6 4. d4 cxd4 5. Nxd4 e5 6. Nde2 Be7 7. g3 Nf6 8.
Bg2 O-O 9. O-O Rb8 10. h3 b5 11. Be3 b4 12. Nd5 Nxd5 13. Qxd5 Qc7 14. Qd2 a5
15. b3 Be6 16. Rfc1 Rfc8 17. c4 a4 18. g4 Na5 19. Rab1 Qd7 20. f4 f6 21. f5 Bf7
22. Rd1 Qb7 23. Kh2 Ra8 24. Ng3 Nc6 25. g5 axb3 26. axb3 Ra3 27. gxf6 gxf6 28.
Bf1 Kh8 29. Qf2 Qa8 30. Rd2 Na5 31. Rdb2 Rg8 32. Bd3 Qc6 33. Be2 Bd8 34. Bd1
Nb7 35. Bf3 Ra6 36. Ra2 Rxa2 37. Qxa2 Bb6 38. Qf2 Bxe3 39. Qxe3 Qc5 40. Qe2 Ra8
41. Rg1 Rg8 42. Rg2 Na5 43. Bh5 Qc7 44. Bxf7 Qxf7 45. Qd1 Nc6 46. Qxd6 Nd4 47.
Qb6 Qg7 48. c5 Nf3+ 49. Kh1 Qh6 50. Nh5 Qc1+ 0-1